|
|
|
|
| LEADER |
00000nam0a2200000 4500 |
| 001 |
294778 |
| 005 |
20231102000734.0 |
| 020 |
|
|
|a RU
|b 84-4329
|
| 035 |
|
|
|a (RuTPU)RU\TPU\book\319852
|
| 090 |
|
|
|a 294778
|
| 100 |
|
|
|a 20150516d1983 k y0rusy5003 ca
|
| 101 |
0 |
|
|a rus
|
| 102 |
|
|
|a RU
|
| 105 |
|
|
|a a z 001zy
|
| 200 |
1 |
|
|a Тектонический режим и гранитообразование в эвгеосинклинальных зонах Урала
|e препринт
|f В. Д. Старков
|g Академия наук СССР (АН СССР), Уральский научный центр (УНЦ)
|
| 210 |
|
|
|a Свердловск
|c Изд-во УНЦ АН СССР
|d 1983
|
| 215 |
|
|
|a 63 с.
|c ил.
|
| 225 |
1 |
|
|a Научные доклады
|
| 606 |
1 |
|
|a Геосинклинали
|2 stltpush
|3 (RuTPU)RU\TPU\subj\6223
|9 34157
|
| 606 |
1 |
|
|a Тектоника
|y Урал
|2 stltpush
|3 (RuTPU)RU\TPU\subj\72110
|9 85697
|
| 610 |
1 |
|
|a геология
|
| 610 |
1 |
|
|a гранитообразование
|
| 610 |
1 |
|
|a эвгеосинклинальные зоны
|
| 610 |
1 |
|
|a гранитоидный магматизм
|
| 610 |
1 |
|
|a гранитоидные формации
|
| 610 |
1 |
|
|a петрологические особенности
|
| 610 |
1 |
|
|a геохимические критерии
|
| 610 |
1 |
|
|a геодинамические режимы
|
| 610 |
1 |
|
|a препринты
|
| 675 |
|
|
|a 551.242.32
|v 3
|
| 675 |
|
|
|a 551.24(470.5)
|v 3
|
| 700 |
|
1 |
|a Старков
|b В. Д.
|g Виктор Дмитриевич
|
| 712 |
0 |
2 |
|a Академия наук СССР (АН СССР)
|b Уральский научный центр (УНЦ)
|2 stltpush
|3 (RuTPU)RU\TPU\col\3284
|
| 801 |
|
0 |
|a RU
|b RuMRKP
|c 19950704
|g psbo
|
| 801 |
|
1 |
|a RU
|b 63413507
|c 20150516
|
| 801 |
|
2 |
|a RU
|b 63413507
|c 20180426
|g RCR
|
| 942 |
|
|
|c BK
|